Aquaculture Machineries and Equipments / (Record no. 49863)

MARC details
000 -LEADER
fixed length control field 00736nam a22002417a 4500
003 - CONTROL NUMBER IDENTIFIER
control field OSt
008 - FIXED-LENGTH DATA ELEMENTS--GENERAL INFORMATION
fixed length control field 260122b |||||||| |||| 00| 0 eng d
020 ## - INTERNATIONAL STANDARD BOOK NUMBER
International Standard Book Number 9788119002412
082 ## - DEWEY DECIMAL CLASSIFICATION NUMBER
Classification number 639.80284
Item number T16A
100 ## - MAIN ENTRY--PERSONAL NAME
Personal name Tanveer, M. Mohammad.
245 ## - TITLE STATEMENT
Title Aquaculture Machineries and Equipments /
Statement of responsibility, etc. by M. Mohammad Tanveer; R. Pradeep and S. Ayesha Jasmin
260 ## - PUBLICATION, DISTRIBUTION, ETC. (IMPRINT)
Place of publication, distribution, etc .- New Delhi
Name of publisher, distributor, etc : NIPA
Date of publication, distribution, etc , 2023
300 ## - PHYSICAL DESCRIPTION
Extent 85p.
650 ## - SUBJECT ADDED ENTRY--TOPICAL TERM
Topical term or geographic name as entry element Technology (Applied Sciences)
650 ## - SUBJECT ADDED ENTRY--TOPICAL TERM
Topical term or geographic name as entry element Agriculture and Related Technologies
650 ## - SUBJECT ADDED ENTRY--TOPICAL TERM
Topical term or geographic name as entry element Aquaculture
650 ## - SUBJECT ADDED ENTRY--TOPICAL TERM
Topical term or geographic name as entry element Aquaculture--Machineries
650 ## - SUBJECT ADDED ENTRY--TOPICAL TERM
Topical term or geographic name as entry element Aquaculture--Equipment
650 ## - SUBJECT ADDED ENTRY--TOPICAL TERM
Topical term or geographic name as entry element Fisheries--Equipment
700 ## - ADDED ENTRY--PERSONAL NAME
Personal name Pradeep, R.
700 ## - ADDED ENTRY--PERSONAL NAME
Personal name Jasmin, S. Ayesha.
942 ## - ADDED ENTRY ELEMENTS (KOHA)
Source of classification or shelving scheme
Koha item type Books
Holdings
Withdrawn status Lost status Source of classification or shelving scheme Damaged status Not for loan Home library Current library Date acquired Source of acquisition Cost, normal purchase price Full call number Barcode Date last seen Bill Date Koha item type Bill Number
          Dr. Rajendra Prasad Central Agricultural University Pusa, College of Fishries - Dholi 22/01/2026 TTPP, New Delhi 1995.00 639.80284 T16A 86742 22/01/2026 06/01/2026 Books TTPP/400/25-26
          Dr. Rajendra Prasad Central Agricultural University Pusa, College of Fishries - Dholi 22/01/2026 TTPP, New Delhi 1995.00 639.80284 T16A 86743 22/01/2026 06/01/2026 Books TTPP/400/25-26
Hosted, Implemented, Customized & Maintained by: BestBookBuddies

Powered by Koha